MARC

LEADER 00000nam0a2200000 4500
001 274091
005 20231101234708.0
020 |a RU  |b 87-85062 
035 |a (RuTPU)RU\TPU\book\297301 
090 |a 274091 
100 |a 20141031d1987 k y0rusy5003 ca 
101 0 |a rus 
102 |a RU 
105 |a a z 001zy 
200 1 |a Ряды Вольтера-Пикара в теории нелинейных электрических цепей  |f Л. В. Данилов 
210 |a Москва  |c Радио и связь  |d 1987 
215 |a 224 с.  |c ил. 
320 |a Библиогр.: с. 217-223 (149 назв.) 
606 1 |a Электрические цепи  |2 stltpush  |3 (RuTPU)RU\TPU\subj\27777  |9 51444 
610 1 |a расчет 
610 1 |a решение 
610 1 |a ряды Вольтерра 
610 1 |a нелинейные электрические цепи 
610 1 |a итерация 
610 1 |a анализ 
610 1 |a преобразования 
610 1 |a моделирование 
610 1 |a синтез 
675 |a 621.3.011.72  |z rus  |v 3 
700 1 |a Данилов  |b Л. В.  |g Лев Владимирович  |4 070 
801 0 |a RU  |b RuMRKP  |c 19950417  |g psbo 
801 1 |a RU  |b 63413507  |c 20141031 
801 2 |a RU  |b 63413507  |c 20170119  |g RCR 
942 |c BK